000 00635nam a2200193Ia 4500
008 140429s9999 xx 000 0 und d
020 _a9789712359194
050 _aLB 3051
_b.C164 2011
100 _aPaler-Calmorin, Laurentina
245 _aAssesment of student learning 1 /
_cLaurentina Paler-Calmorin.
260 _aManila :
_bRex Book Store,
_cc2011.
300 _a183 p. :
_c26 cm.
440 _a(Teacher Education Academic Resources for College and Higher Education Students Series).
500 _aIncludes index.
521 _aGE
650 _aEducational tests and measurements.
942 _kLOC
_cBK
999 _c115694
_d115694